000
00329nam a22001457a 4500
008
230404b |||||||| |||| 00| 0 eng d
020
_a
978-9998-0752-1-4
082
_a
813.54
100
_a
Tshering Wangchuk
245
_a
Yangchen
260
_c
2022
300
_a
155 p.
_c
20cm
942
_2
ddc
999
_c
9460
_d
9461